000 00800nam a2200217Ii 4500
003 JO-AjNU
008 230605s9999||||xx |||||||||||||| ||und||
017 _a2008/3842
020 _a977-300-228-4
040 _aJO-AjNU
_bara
_erda
_cJO-AjNU
041 _aara
050 1 4 _aPJ6101.I2732.2008
100 3 _aتأليف بن جني، أبي الفتح عثمان ؛ تحقيق الشربيني شريدة,
_eauthor
_911542
245 0 0 _aالخصائص
264 3 1 _aالقاهرة: دار الحديث، 2007
300 _aج3، 424ص
_bيشتمل على المصادر والمراجع الببلوغرافية ص(419-420)
336 _atext
_btxt
_2rdacontent
337 _aunmediated
_bn
_2rdamedia
338 _avolume
_bnc
_2rdacarrier
650 4 _aاللغة العربية -- النحو
_911543
999 _aA2378
_c5946
_d5946